| 000 | 00546nam a2200193Ia 4500 | ||
|---|---|---|---|
| 005 | 20250326144809.0 | ||
| 008 | 250326s9999 xx 000 0 und d | ||
| 020 | _a0 7506 4839 2 | ||
| 037 | _aTextbook | ||
| 040 |
_aFMSL _beng _cFMSL |
||
| 041 |
_aeng _2eng |
||
| 084 |
_aX:51 P2 _qFMSL |
||
| 100 |
_aChristopher M _9263429 |
||
| 245 | 0 |
_aRelationship markting : creating stakeholder value _cChristopher M And Others |
|
| 260 |
_aNY _bNY, Elsevier _c2002 |
||
| 300 | _a244p | ||
| 942 |
_cTB _hX:51 P2 |
||
| 999 |
_c1305101 _d1305101 |
||